| 000 | 00720am a2200289a 44500 | ||
|---|---|---|---|
| 003 | AR-BaBNM | ||
| 005 | 20251128205259.0 | ||
| 008 | 127019s1987 #AR|||||||||||000 | cat|| | ||
| 020 | _a950-09-0090-4 | ||
| 040 | _cAR-BaBNM | ||
| 100 | 1 | _aBálint, Imre | |
| 245 | 1 | 0 | _aSerás lo que sueñas |
| 250 | _a1ª ed. | ||
| 260 |
_aBuenos Aires _bEdiciones Paulinas _c1987 |
||
| 300 |
_a134 p. _bil. |
||
| 490 | 0 |
_aVen y verás _vv. 10 |
|
| 650 | 4 | _aLITERATURA ARGENTINA | |
| 650 | 4 | _aVIAJES | |
| 650 | 4 | _aFILOSOFIA LITERARIA | |
| 650 | 4 | _aRELIGION | |
| 650 | 4 | _aLITERATURA CONTEMPORANEA | |
| 653 | _aORIENTACION VOCACIONAL | ||
| 653 | _aNARRATIVA | ||
| 655 | _aLITERATURA | ||
| 942 | _cBK | ||
| 998 | _cMARTIN | ||
| 999 |
_c10717 _d10717 |
||